000 00934nam a22003377a 4500
001 BR0303889
003 BR-BrBNA
005 20230928101346.0
007 ta
008 230509b bl.||||| |||| 00| 0 por d
040 _aBR-BrBNA
_bpor
_cBiblioteca Nacional de Agricultura
041 _a(Por)
072 _aE70; E71; E16
090 _ E70 BR0303889
100 1 _aPinazza, L.A.
100 1 _aAlimandro, R.
100 1 _aWedekin, I.(org.)
110 1 _aFundação Getúlio Vargas, Rio de Janeiro, RJ (Brasil)
245 1 _aAgenda para a competitividade do agribusiness brasileiro
260 3 _aRio de Janeiro, RJ (Brasil):
_c2001.
300 _a288 p.
650 _aAGRONEGÓCIO
650 _aIMPORTAÇÃO
650 _aEXPORTAÇÃO
650 _aPREÇO MÉDIO
650 _aOFERTA
650 _aESTATÍSTICA DE PRODUÇÃO
650 _aPREÇO RECEBIDO
909 _a202309
_bLucia
_c55
_dLucia Elande
942 _cBK
999 _c65432
_d65432